000 00427nam a2200181Ia 4500
001 1436
005 20260306143728.0
008 260306t2017||||xx |||||||||||||| ||spa||
041 _aESP
082 _a150.1
_bM26
100 _aMartorell, José Luis
_eAUT
245 0 _aFundamentos de psicología
260 _c2017
300 _axii, 290 páginas :
_c24 cm.
650 _aGEN
654 _aCPS
942 _cLIB
_dJUS
_fJUS
_2ddc
_n
999 _c1436
_d1436